| 000 | 00522nam a2200217Ia 4500 | ||
|---|---|---|---|
| 008 | 170918s9999 xx 000 0 und d | ||
| 020 | _a9780545331326 | ||
| 050 | _bS857 2011 | ||
| 100 | _aStilton, Geronimo | ||
| 245 | _aRun for the hills, Geronimo! / | ||
| 245 | _cby Geronimo Stilton. | ||
| 260 | _aNew York : | ||
| 260 | _bScholastic, | ||
| 260 | _c2011 | ||
| 300 | _a108 pages : | ||
| 300 | _bcolor illustrations ; | ||
| 300 | _c19cm. | ||
| 300 | _eGeronimo Stilton ; | ||
| 440 | _a47 | ||
| 500 | _a610 | ||
| 999 |
_c343683 _d343683 |
||